| 000 | 01187nam a22003017a 4500 | ||
|---|---|---|---|
| 005 | 20240530110410.0 | ||
| 008 | 150214s2010 ua ce a 001 0 ara d | ||
| 017 |
_a15257/2009 _bمصر . دار الكتب المصرية |
||
| 020 | _a9771439073 | ||
| 040 | _aEG-CaGPL | ||
| 041 | 0 | _aara | |
| 082 | 0 | 4 |
_221 _a722 _bط/ن ر |
| 100 | 1 |
_aمورلى ، جاكلين _qجاكلين مورلى |
|
| 245 | 1 | 2 |
_aالمقبرة المصرية القديمة / _cتاليف جاكلين مورلى ؛ ترجمة نهضة مصر ؛ اشراف داليا محمد ابراهيم |
| 250 | _aط1 | ||
| 260 |
_aالقاهرة : _bنهضة مصر للطباعة والنشر والتوزيع ، _c2010 |
||
| 300 |
_a45 ص : _bايض ؛ _c28 سم |
||
| 490 | 0 | _aروائع العمارة القديمة | |
| 650 | 0 | 4 |
_aالاطفال _xقصص |
| 650 | 0 | 4 | _aالتحنيط |
| 650 | 0 | 4 | _aوادى الملوك |
| 650 | 0 | 4 | _aالعمارة المصرية القديمة |
| 700 | 1 |
_aهويتسون ، نيك _eرسام |
|
| 700 | 0 |
_aداليا محمد ابراهيم _eمشرف |
|
| 710 | 2 |
_aنهضة مصر _eمترجم |
|
| 942 |
_2ddc _cBK |
||
| 999 |
_c60435 _d60435 |
||